000 00290nam a22001337a 4500
008 170914b xxu||||| |||| 00| 0 eng d
020 _a3766690655
041 _aeng
080 _a7
100 _a44
101 _aART
245 _aSCIENCES ARTS STUDENTS
_cSCHULBIBEL
942 _2udc
_cBK
999 _c27584
_d27584